000 00404nam a22001577a 4500
005 20251108175616.0
008 250721s2011 xx 000 0 ara d
082 1 4 _a152.41/شاذ
100 1 _aالشاذلي، كريم
245 1 0 _aالإجابة الحب /
264 _bدار أجيال،
_c2011.
300 _a223ص.
650 1 7 _aالحب(عواطف)
942 _2ddc
_cBK
999 _c138145
_d138145